| 000 | 00725nam a2200265 a 4500 | ||
|---|---|---|---|
| 999 |
_c4700 _d4700 |
||
| 001 | 3770 | ||
| 003 | BD-DhUAP | ||
| 005 | 20201209141908.0 | ||
| 008 | 201117s1996 ilua 001 0 eng d | ||
| 010 | _a 95076937 | ||
| 020 | _a0395744156 | ||
| 020 | _a8174730753 | ||
| 040 |
_aDLC _cDLC _bEng _dBD-DhUAP |
||
| 082 | 0 | 0 |
_a540 EBB _223 |
| 100 | 1 | _aEbbing, Darrell D. | |
| 245 | 1 | 0 |
_aGeneral chemistry / _cDarrell D. Ebbing ; edited by Mark S. Wrighton. |
| 250 | _a5th ed. | ||
| 260 |
_aIllinois : _bHoughton mifflin co., _cc1996. |
||
| 300 |
_avarious pages : _billustrations ; _c27 cm. |
||
| 500 | _aIncludes index. | ||
| 650 | 0 | _aChemistry. | |
| 700 | 1 | _aWrighton, Mark S. | |
| 942 |
_2ddc _cBK |
||